Joue les Beatles-Le grand orchestre de Paul Muriat (Record n. 103661)
[ formato base ]
| 000 -LEADER | |
|---|---|
| fixed length control field | 01368njm a2200337Ia 4500 |
| 001 - CONTROL NUMBER | |
| control field | 24199 |
| 003 - CONTROL NUMBER IDENTIFIER | |
| control field | IT-RoPAU |
| 005 - DATE AND TIME OF LATEST TRANSACTION | |
| control field | 20220918181209.0 |
| 008 - FIXED-LENGTH DATA ELEMENTS--GENERAL INFORMATION | |
| fixed length control field | 131025s9999 xx 000 0 und d |
| 040 ## - CATALOGING SOURCE | |
| Original cataloging agency | IT-RoPAU |
| 040 ## - CATALOGING SOURCE | |
| Transcribing agency | IT-RoPAU |
| 999 ## - SYSTEM CONTROL NUMBERS (KOHA) | |
| Koha Dewey Subclass [OBSOLETE] | n.d. |
| 100 ## - MAIN ENTRY--PERSONAL NAME | |
| Personal name | AA.VV. |
| 9 (RLIN) | 794 |
| 100 ## - MAIN ENTRY--PERSONAL NAME | |
| Relator term | Autore musica |
| 9 (RLIN) | 9493 |
| 100 ## - MAIN ENTRY--PERSONAL NAME | |
| Miscellaneous information | Codice autore musica SPICS: 12000 |
| 9 (RLIN) | 796 |
| 245 ## - TITLE STATEMENT | |
| Title | Joue les Beatles-Le grand orchestre de Paul Muriat |
| 250 ## - EDITION STATEMENT | |
| Edition statement | 1a ed. |
| 260 ## - PUBLICATION, DISTRIBUTION, ETC. (IMPRINT) | |
| Place of publication, distribution, etc. | ITALIA |
| 260 ## - PUBLICATION, DISTRIBUTION, ETC. (IMPRINT) | |
| Name of publisher, distributor, etc. | FONTANA RECORD |
| Date of publication, distribution, etc. | 1973 [1a Ed.:1973] |
| 300 ## - PHYSICAL DESCRIPTION | |
| Extent | DISCO |
| 300 ## - PHYSICAL DESCRIPTION | |
| Dimensions | 32 minuti (Testo: pag.) |
| 500 ## - GENERAL NOTE | |
| General note | Musica strumentale. Musica leggera. |
| 505 ## - FORMATTED CONTENTS NOTE | |
| Formatted contents note | Eleanor Rigby (3:00) - My Sweet Lord (3:00) - Yesterday (3:00) - Hey Jude (4:00) - Girl (3:00) - Goodbye (3:00) - Penny Lane (3:00) - Ticket To Ride (4:00) - Let It Be (3:00) - Michelle (3:00) - Get Back (3:00) - Lady Madonna (3:00) |
| 511 ## - PARTICIPANT OR PERFORMER NOTE | |
| Participant or performer note | Mauriat Paul |
| 650 ## - SUBJECT ADDED ENTRY--TOPICAL TERM | |
| Topical term or geographic name as entry element | STRUMENTALE [DISCHI] |
| Relator term | Codice MATERIA SPICS: 9950 |
| 9 (RLIN) | 828 |
| 700 ## - ADDED ENTRY--PERSONAL NAME | |
| Personal name | Mauriat Paul |
| Miscellaneous information | Codice interprete SPICS: 8082 |
| Relator term | Interprete |
| 9 (RLIN) | 9494 |
| 700 ## - ADDED ENTRY--PERSONAL NAME | |
| Personal name | Lennon John |
| Miscellaneous information | Codice autore musica SPICS: 13133 |
| Relator term | Autore musica |
| 9 (RLIN) | 9495 |
| 700 ## - ADDED ENTRY--PERSONAL NAME | |
| Personal name | McCartney Paul |
| Miscellaneous information | Codice autore SPICS: 8084 |
| Relator term | Autore SPICS: 8084 |
| 9 (RLIN) | 9496 |
| 700 ## - ADDED ENTRY--PERSONAL NAME | |
| Personal name | Harrison George |
| Miscellaneous information | Codice autore musica SPICS: 10100 |
| Relator term | Autore musica |
| Name of part/section of a work | My Sweet Lord |
| 9 (RLIN) | 9497 |
| 942 ## - ADDED ENTRY ELEMENTS (KOHA) | |
| Koha item type | DISCHI |
| Source of classification or shelving scheme | Dewey Decimal Classification |
| Withdrawn status | Lost status | Damaged status | Not for loan | Home library | Current library | Date acquired | Total Checkouts | Full call number | Date last seen | Price effective from | Koha item type | Public note |
|---|---|---|---|---|---|---|---|---|---|---|---|---|
| Buone Condizioni | Not For Loan | SPICS-MEDIATECA | SPICS-MEDIATECA | 25/10/2013 | 24199 | 25/10/2013 | 25/10/2013 | DISCHI | Progr. Ins.: 5046 / N.Vol.: 1 / Copie: 1 - Copia rara: n.d. / date import: 01.01.2014 - By Epidotti, Trombetti, Vaglietti |